Tribhuvan University Central Library

Study on viscous effect in rayleigh taylor instability (Record no. 10614)

MARC details
000 -LEADER
fixed length control field 005500000a22002170004500
082 ## - DEWEY DECIMAL CLASSIFICATION NUMBER
Classification number 530.44
Item number G959s
-- D
041 ## - LANGUAGE CODE
Language code of text/sound track or separate title Eng
100 ## - MAIN ENTRY--PERSONAL NAME
Personal name Gupta, Suresh Prasad
245 ## - TITLE STATEMENT
Title Study on viscous effect in rayleigh taylor instability
260 ## - PUBLICATION, DISTRIBUTION, ETC. (IMPRINT)
Place of publication, distribution, etc Kathmandu, Nepal
260 ## - PUBLICATION, DISTRIBUTION, ETC. (IMPRINT)
Date of publication, distribution, etc 1992
300 ## - PHYSICAL DESCRIPTION
Extent 84p.
500 ## - GENERAL NOTE
General note Bibliography at the end
518 ## - DATE/TIME AND PLACE OF AN EVENT NOTE
Date/time and place of an event note 960521
530 ## - ADDITIONAL PHYSICAL FORM AVAILABLE NOTE
Additional physical form available note Dis
502 ## - DISSERTATION NOTE
Dissertation note Dissertation
-- Degree in Physics, Tribhuvan University
650 ## - SUBJECT ADDED ENTRY--TOPICAL TERM
Topical term or geographic name as entry element Physics
650 ## - SUBJECT ADDED ENTRY--TOPICAL TERM
Topical term or geographic name as entry element Plasma physics
650 ## - SUBJECT ADDED ENTRY--TOPICAL TERM
Topical term or geographic name as entry element Fluid dynamics
942 ## - ADDED ENTRY ELEMENTS (KOHA)
Koha item type General Collections
Holdings
Withdrawn status Lost status Damaged status Not for loan Home library Current library Date acquired Total Checkouts Barcode Date last seen Price effective from
        Tribhuvan University Central Library Tribhuvan University Central Library 06/20/2010   D3979 06/20/2010 06/20/2010